000 00843njm a22002297a 4500
005 20100903150516.0
006 a|||||r|||||00| 0
007 sd ammalaaahaa
008 100830t xxu||||| |||| 00| 0 eng d
028 _aLBE.50
_bColumbia
035 _aGR-348
040 _aSED
_cSED
100 _917814
245 _aMahatma Gandhi :
_h[soung recording] :
_bhis spiritual message /
246 _aमहात्मा गाँधी : हिज़ स्पिरिचुअल मेसेज /
260 _aDum Dum, India
_bColumbia
300 _a1 sound disc [Gramophone Recording] :
_banalog, 33 1/3 rpm
_c9.5 in (MP)
_fGramophone Record
500 _aBrief record
650 _bClassical music
_xExcerpts.
_zIndia
_917460
942 _2ddc
_cGR
999 _c43612
_d43612